Miasta w województwie warmińsko-mazurskim - Statystyki

Ogólne statystyki
  • Ten quiz został rozwiązany 52 razy
  • Średni wynik to 5 z 7
Statystyki odpowiedzi
Miasto Liczba ludności % Poprawnych
Olsztyn 168 212
100%
Elbląg 113 567
91%
Ełk 60 070
91%
Giżycko 27 596
71%
Iława 32 319
69%
Ostróda 31 488
60%
Kętrzyn 25 487
49%
Nie znaleziono quizów pasujących do podanych kryteriów
Rozkład punktacji
Procent ludzi z każdym wynikiem
Percentyl według liczby udzielonych odpowiedzi
Twoja historia wyników
Nie rozwiązałeś tego quizu